LDR 01706nam a2200385 i 4500 001 000000044349 003 CaOOAMICUS 005 20260511085205.0 008 100903s2005 it u000 u ita u 013 $a15519 020 $a88-308-0130-5 040 $aSeMil$bita 100 0 $aBenedictus XVI,$c
.$0(OLS)http://semarc/name/298 240 10$aEschatologie : Tod und ewiges Leben.$0(OLS)http://semarc/title/65577 245 10$aEscatologia :$bmorte e vita eterna /$cdi Joseph Ratzinger ; edizione italiana a cura di Carlo Molari ; [trad. di Brigitte Deslex Muff]. 250 $a4. ed. 260 $aAssisi :$bCittadella,$c2005. 300 $a261 p. ;$c19 cm. 650 4$aNovissimi - Escatologia.$0(OLS)http://semarc/subject/1624 650 4$aEscatologia.$0(OLS)http://semarc/subject/3523 650 4$aMorte - Concezione cristiana.$0(OLS)http://semarc/subject/5126 700 1 $aMolari, Carlo,$d<1928- >.$0(OLS)http://semarc/name/2621 700 1 $aDeslex Muff, Brigitte.$0(OLS)http://semarc/name/5654 773 0 $aAuer, Johann <1910-1989>$tPiccola dogmatica cattolica.$dAssisi : Cittadella, 1971-2000.$g9$w()7732 850 $aSeMil 852 $aSeMil$W1$xVenegono$y1$m2B II 659$j271632$B10504$CSeMilBibl$Z2$F10504 $81 900 1 $aRatzinger, Joseph,$d<1927-2022>. 900 0 $aBenedetto XVI$c
. 961 $aAcquisto: Mescat
996 $6020$a88-308-0130-5$9(OLS)http://semarc/number/16194 996 $6245$aEscatologia :$bmorte e vita eterna$9(OLS)http://semarc/title/65576 996 $6260$aAssisi :$bCittadella$9(OLS)http://semarc/publisher/29661